| 000 | 00359nam a22001217a 4500 | ||
|---|---|---|---|
| 082 | _a220 PRO | ||
| 100 |
_aJUNAID,ABDULLAH,RIZWAN _972218 |
||
| 245 | _aPR-SOF-1146-DESIGN AND ANALYSIS OF TUBULAR TURBINE FORMICRO HYDRO APPLICATION | ||
| 260 |
_aISLAMABAD _bNUST COLLEGE OF EME _c2012 |
||
| 650 |
_aDE-MECH-30 _972219 |
||
| 700 | _aAKHTAR KHURSHID | ||
| 942 | _cCR | ||
| 999 |
_c578351 _d578351 |
||